| 000 | 00468nam a2200145Ia 4500 | ||
|---|---|---|---|
| 008 | 100415s9999 xx 000 0 und d | ||
| 082 |
_b900 _a599 |
||
| 100 | _aJones Thomas Rymer | ||
| 245 | _aMammalia : a popular introduction to natural history | ||
| 260 |
_aLONDON _c0 _bFREDERICK WARNE AND CO. |
||
| 365 | _b0 | ||
| 630 | _aMammalia : a popular introduction to natural history | ||
| 730 | _aMammalia : a popular introduction to natural history | ||
| 942 | _cBOOK | ||
| 999 |
_c583963 _d583960 |
||